Successful personal recruiting and selection (Record no. 28086)

MARC details
000 -LEADER
fixed length control field 00320nam a2200121Ia 4500
082 ## - DEWEY DECIMAL CLASSIFICATION NUMBER
Classification number 658.3
Item number STA
100 ## - MAIN ENTRY--AUTHOR NAME
Personal name Stanton, E S
245 #0 - TITLE STATEMENT
Title Successful personal recruiting and selection
260 ## - PUBLICATION, DISTRIBUTION, ETC. (IMPRINT)
Place of publication New York
Name of publisher Amacom
Year of publication 1977
650 ## - SUBJECT ADDED ENTRY--TOPICAL TERM
Topical Term Personnel management
942 ## - ADDED ENTRY ELEMENTS (KOHA)
Koha item type Books
Holdings
Withdrawn status Lost status Damaged status Not for loan Home library Current library Date acquired Cost, normal purchase price Full call number Accession Number Koha item type
        RRII Library RRII Library 16/12/2021 17.95 658.3 STA 08695 Books